000 01041pam a2200277 a 4500
999 _c3285
_d3285
001 3958682
003 GZU
005 20201124151436.0
008 940128s1994 mau 000 0 eng
010 _a 94004010
020 _a0201624508 :
040 _aDLC
_cDLC
_dDLC
043 _an-us---
050 0 0 _aHQ76.2
_bDEW 1994
100 1 _aDew, Robb Forman.
245 1 4 _aThe family heart :
_ba memoir of when our son came out /
_cRobb Forman Dew.
260 _aReading, Mass. :
_bAddison-Wesley,
_cc1994.
300 _a229 p. ;
_c22 cm.
650 0 _aGay men
_xFamily relationships
_zUnited States.
650 0 _aParents of gays
_zUnited States.
650 0 _aComing out (Sexual orientation)
_zUnited States.
856 4 2 _3Contributor biographical information
_uhttp://www.loc.gov/catdir/enhancements/fy0830/94004010-b.html
906 _a7
_bcbc
_corignew
_d1
_eocip
_f19
_gy-gencatlg
942 _2lcc
_cBK
_h76.2
_iDEW
_kHQ